000 00758nam a2200229Ia 4500
003 OSt
005 20240802132638.0
008 210716s2013 xx 000 0 und d
020 _a9789382993056
040 _cAIMIT LIBRARY
041 _aeng
082 _a374.22
_21
_bSRIS
100 _aSrinivas, Smita.
_9174924
245 _aMarket menagerie :
_bhealth and development in late industrial states /
_cBy Smitha Srinivas.
250 _a1st ed.
260 _aNew Delhi :
_bCambridge University Press ,
_c2013.
300 _axvii,323p. ;
_bPB
_c24.8 cm
650 _aWell beyond market failure
_9174925
650 _aDemand and democracy
_9174926
650 _aThe institutional basis for industry and health
_9174927
942 _2ddc
_cBK
_e1st
_k374.22 SRIS
999 _c208511
_d208511